000 03310nam a22003497a 4500
001 TCPA 194
003 gtcocun
005 20250311194631.0
006 a||||gr|||| 00| 0
007 ta
008 250311b2024 gt ||||| m||| 00| 0 eng d
040 _agtcocun
_bSPA
_cgtcocun
_erda
041 _aSPA
084 _0TCPA 0194
100 _aMacz Quib, Angela Daniela
_eAutor
245 _aInforme final del ejercicio profesional supervisado, realizado en divetco, Cobán, Alta Verapaz/.
_cAngela Daniela Macz Quib.
_hImpreso
264 _bUniversidad de San Carlos de Guatemala, Centro Universitario del Norte, Licenciatura Contaduría Pública y Auditoría
_c2024
300 _a73:
_bilustraciones, gráficas
_c28 cm.
300 _aUn recurso en línea, 73:
_cPDF
336 _2rdacontenido
_aTexto
_btxt
337 _2rdamedio
_acomputadora
_bn
338 _2rdasoporte
_avolumen
_bnc
338 _aCódigo en línea
_bcr
502 _aTesis de grado
_bLicenciatura Contaduría Pública y Auditoría
_cUniversidad de San Carlos de Guatemala, Centro Universitario del Norte, Licenciatura Contaduría Pública y Auditoría.
_d2024.
_oTCPA 0194
520 1 4 _aEn la Universidad de San Carlos de Guatemala (USAC), por medio del Centro Universitario del Norte (CUNOR), a través de la carrera de Contaduría Pública y Auditoría, se realiza el proceso del Ejercicio Profesional Supervisado (EPS), con el objetivo principal de proporcionar soluciones en base a los conocimientos adquiridos, el proceso fue realizado en la empresa Distribuidora Veterinaria Cobanera (DIVETCO), en el municipio de Cobán, del departamento de Alta Verapaz. El proceso inició con la elaboración del diagnóstico preliminar, donde se determinaron las áreas de vulnerabilidad y los procedimientos operativos que realiza la unidad de práctica en el área contable, administrativa y operacional; se creó el plan de trabajo; se describieron características de las actividades planificadas; se verificaron aspectos como temporalidad, planificación de procedimientos, investigación de temas y presentación de resultados. En la segunda etapa se ejecutaron tres actividades determinadas; la primera incluye una reestructuración contable para tres períodos fiscales; en la segunda se elaboró una auditoría administrativa con enfoque operacional al ciclo transaccional de nómina para el período 2022 y por último se realizó una auditoría fiscal. Se aplicaron técnicas y procedimientos de auditoría según normativa aplicable. Y por último se elaboró la consolidación de toda la información mediante informes para el caso de auditoría; comparación de estados financieros para la reestructuración contable; conclusiones conforme los resultados obtenidos en cada actividad para lograr el cumplimiento de los objetivos; así mismo se proporcionaron las recomendaciones a la unidad de práctica que fueron necesarias.
650 1 4 _2LEM
_aCobán, Alta Verapaz
651 1 _xdeficiencias, soluciones, proyectos, evaluación, plan.
700 _aLic. Selvin Wotzbelli Castellanos Reyes
_eAsesor
856 _uhttps://drive.google.com/file/d/1M9YzsTKVZvYjJntgAFSICfSvepy5ECQJ/view?usp=sharing
_yPDF
_zun ejemplar en línea.
942 _2ddc
_cTES
_iTCPA_194
_kClasificación
_n0
_6TCPA__194
999 _c469
_d469